| 000 | 00910nas a2200289 4500 | ||
|---|---|---|---|
| 001 | BR8600172 | ||
| 003 | BR-BrBNA | ||
| 005 | 20231205090311.0 | ||
| 007 | ta | ||
| 008 | 230509b bl.|||p| |||| 00| 00por d | ||
| 040 |
_aBR-BrBNA _bpor _cBiblioteca Nacional de Agricultura |
||
| 041 | _a(Pt) | ||
| 072 | _aQ60 | ||
| 100 | 1 | _aFuzatto, M.G. | |
| 100 | 1 | _aGridi-Papp, I.L. | |
| 100 | 1 | _aSabino, N.P. | |
| 100 | 1 | _aKondo, J.I. | |
| 100 | 1 | _aChiavegato, E.J. | |
| 245 | 1 | _aClasses padroes de maturidade da fibra do algodoeiro na determinacao pelo metodo do fibrografo | |
| 246 | 1 | _aStandard classes for assessing cotton fiber maturity determined by the fibrograph method | |
| 650 | _aALGODAO | ||
| 650 | _aFIBRA | ||
| 650 | _aMATURIDADE | ||
| 773 | 0 |
_tBragantia (Brazil) _xISSN 0006-8705 _g(1985), v. 44(1) p. 275-281 _wBR8600172 |
|
| 909 |
_a202311 _bLúcia _c55 _dLúcia Elande |
||
| 942 |
_2AGRIS _n0 _cANA |
||
| 999 |
_c117467 _d117467 |
||